Statistics for European capitals by picture

Click here to take the quiz!

General Stats

  • This quiz has been taken 1,108 times
  • The average score is 7 of 16

Answer Stats

Answer% Correct
Berlin
94%
Athens
91%
Copenhagen
74%
Reykjavik
66%
Budapest
58%
London
54%
Moscow
41%
Vienna
39%
Warsaw
29%
Lisbon
28%
Luxembourg
23%
Oslo
19%
Sarajevo
18%
Bratislava
17%
Zagreb
15%
Tirana
10%

Score Distribution

Percentile by Number Answered

Percent of People with Each Score

Your Score History

You have not taken this quiz